| 000 | 00485nam a2200169Ia 4500 | ||
|---|---|---|---|
| 008 | 220204s9999 xx 000 0 und d | ||
| 020 | _a3540237976 | ||
| 082 |
_a630*1(213.56) _bMAN' |
||
| 100 | _aJordan, Carl F | ||
| 245 | 0 | _aTropical forest ecology: The basis for conservation and management | |
| 260 |
_aBerlin _bSpringer _c2005 |
||
| 650 | _aAgroforestry systems | ||
| 650 | _aDeforestation | ||
| 650 | _aPlantation forestry | ||
| 700 | _aMontagnini, Florencia | ||
| 942 | _cBK | ||
| 999 |
_c42593 _d42593 |
||